Religious consciousness (Record no. 67354)
[ view plain ]
| 000 -LEADER | |
|---|---|
| fixed length control field | 00714cam a22002531 4500 |
| 001 - CONTROL NUMBER | |
| control field | sa 66000632 |
| 003 - CONTROL NUMBER IDENTIFIER | |
| control field | DLC |
| 005 - DATE AND TIME OF LATEST TRANSACTION | |
| control field | 20260227112216.0 |
| 008 - FIXED-LENGTH DATA ELEMENTS--GENERAL INFORMATION | |
| fixed length control field | 780608s1965 ii b 000 0 eng |
| 010 ## - LIBRARY OF CONGRESS CONTROL NUMBER | |
| LC control number | sa 66000632 |
| 035 ## - SYSTEM CONTROL NUMBER | |
| System control number | (OCoLC)3960523 |
| 040 ## - CATALOGING SOURCE | |
| Original cataloging agency | DLC |
| Transcribing agency | AzU |
| Modifying agency | AzU |
| -- | DLC |
| 042 ## - AUTHENTICATION CODE | |
| Authentication code | premarc |
| 050 00 - LIBRARY OF CONGRESS CALL NUMBER | |
| Classification number | BL1210 |
| Item number | .G45 |
| 100 1# - MAIN ENTRY--PERSONAL NAME | |
| Personal name | Ghurye, G. S. |
| Fuller form of name | (Govind Sadashiv), |
| Dates associated with a name | 1893-1983. |
| 245 10 - TITLE STATEMENT | |
| Title | Religious consciousness |
| Statement of responsibility, etc. | [by] G. S. Ghurye. |
| 260 ## - PUBLICATION, DISTRIBUTION, ETC. | |
| Place of publication, distribution, etc. | Bombay, |
| Name of publisher, distributor, etc. | Popular Prakashan, |
| Date of publication, distribution, etc. | 1965. |
| 300 ## - PHYSICAL DESCRIPTION | |
| Extent | vii, 383 p. |
| Dimensions | 25 cm. |
| 490 0# - SERIES STATEMENT | |
| Series statement | Foundations of culture ; |
| Volume/sequential designation | [1] |
| 504 ## - BIBLIOGRAPHY, ETC. NOTE | |
| Bibliography, etc. note | Bibliography: p. 357-373. |
| 650 #0 - SUBJECT ADDED ENTRY--TOPICAL TERM | |
| Topical term or geographic name entry element | Hinduism. |
| 651 #0 - SUBJECT ADDED ENTRY--GEOGRAPHIC NAME | |
| Geographic name | Egypt |
| General subdivision | Religion. |
| 651 #0 - SUBJECT ADDED ENTRY--GEOGRAPHIC NAME | |
| Geographic name | Iraq |
| General subdivision | Religion. |
No items available.